[Event "It (open)"]
[Site "Arco (Italy)"]
[Round "3"]
[White "Giuriato Sergio (ITA)"]
[Black "Traversi Carlo (ITA)"]
[Result "1-0"]
[WhiteElo "2020"]
[BlackElo "1790"]

1.d4 Nf6 2.c4 g6 3.Nf3 Bg7 4.g3 c6 5.Bg2 O-O 6.O-O d5 7.cxd5 cxd5 8.Ne5 Nbd7
9.f4 Nb6 10.Nc3 Bf5 11.Be3 Ng4 12.Nxg4 Bxg4 13.h3 Be6 14.b3 Qc8 15.Rc1 Qd7
16.Kh2 Rac8 17.Qd2 h5 18.Bg1 Rc7 19.e4 dxe4 20.Nxe4 Rd8 21.Nc5 Qe8 22.Nxe6
Rxc1 23.Nxg7 {#r} 1-0

[Event "Ch Europe (juniors) (under 14)"]
[Site "Budva (Yugoslavia)"]
[Round "1"]
[White "Margolin Evgenij (RUS)"]
[Black "Ocnarescu Victor (ROM)"]
[Result "1-0"]
[WhiteElo "2218"]
[BlackElo "2072"]

1.Nf3 Nf6 2.c4 g6 3.g3 Bg7 4.Bg2 O-O 5.d4 c6 6.O-O d5 7.cxd5 cxd5 8.Ne5 Nbd7
9.Nc3 e6 10.f4 a6 11.a4 Re8 12.Kh1 b6 13.b3 Bb7 14.Ba3 Rc8 15.Rc1 Nxe5 16.fxe5
Ng4 17.Qd3 Bh6 18.Rc2 Ne3 19.Bc1 Nxc2 20.Bxh6 Nb4 21.Qf3 Qe7 22.Nd1 Nc6 23.e3
Nb8 24.Nf2 Rc7 25.Qf4 Rec8 26.Ng4 Nd7 27.Bg5 Qf8 28.Nh6+ Kg7 29.Bf6+ Nxf6
30.Qxf6+ Kxh6 31.g4 {#r} 1-0

[Event "Bundesliga 2003/04 (w)"]
[Site "Germany"]
[Round "4"]
[White "Ramseier Jana S (SUI)"]
[Black "Mueller Claudia (GER)"]
[Result "1-0"]
[WhiteElo "2193"]
[BlackElo "1992"]

1.d4 d5 2.Nf3 g6 3.g3 Bg7 4.Bg2 Nf6 5.O-O O-O 6.c4 c6 7.cxd5 cxd5 8.Ne5 Qb6
9.Nc3 e6 10.Rb1 Nc6 11.Nxc6 Qxc6 12.Bg5 h6 13.Bxf6 Bxf6 14.e4 Qc4 15.e5 Bg7
16.Re1 Bd7 17.h4 Rac8 18.h5 Qb4 19.Bf1 Qe7 20.Kg2 a6 21.Bd3 Be8 22.a3 gxh5
23.Rc1 f5 24.Nxd5 Qd8 25.Rxc8 Qxd5+ 26.f3 Qxd4 27.Qb3 Qd7 28.Qc3 f4 29.gxf4
Rxf4 30.Bg6 Rf8 31.Rxe8 Rxe8 32.Bxe8 Qxe8 33.Qd3 Qc6 34.Re2 {#r} 1-0

[Event "It (open)"]
[Site "Greifswald (Germany)"]
[Round "5"]
[White "Hoffmann Steffen (GER)"]
[Black "Mueller Peter (GER)"]
[Result "1-0"]
[WhiteElo "2048"]
[BlackElo "1516"]

1.d4 Nf6 2.Nf3 d5 3.g3 g6 4.Bg2 Bg7 5.O-O O-O 6.c4 c6 7.cxd5 cxd5 8.Ne5 Bf5
9.Nc3 h6 10.Be3 Nc6 11.f4 Rc8 12.Rc1 Qd6 13.Qd2 Rfd8 14.Rfd1 Qb4 15.Kh1 Na5
16.b3 e6 17.Na4 Bf8 18.Nc5 Bxc5 19.dxc5 Qxd2 20.Bxd2 Nc6 21.Nxc6 Rxc6 22.Bc3
Nd7 23.Bd4 Rdc8 24.b4 R6c7 25.Rc3 f6 26.Rdc1 Kf8 27.Bf2 Ke7 28.Bf3 g5 29.fxg5
hxg5 30.g4 Bg6 31.Bg3 Rc6 32.Bd6+ {#r} 1-0

[Event "Memorial K.Tsiolkovsky (open)"]
[Site "Kaluga (Russia)"]
[Round "2"]
[White "Tarasov Vladimir N (RUS)"]
[Black "Sivak Mikhail (RUS)"]
[Result "0-1"]
[WhiteElo "2217"]
[BlackElo "2102"]

1.d4 Nf6 2.Nf3 g6 3.g3 Bg7 4.Bg2 O-O 5.O-O d5 6.c4 c6 7.cxd5 cxd5 8.Nc3 Nc6
9.Ne5 Bf5 10.Nxc6 bxc6 11.Na4 Nd7 12.b3 e5 13.dxe5 Nxe5 14.Bb2 Rc8 15.Rc1 Re8
16.Bd4 Qa5 17.Bc3 Qb5 18.Qd2 d4 19.Ba1 Ng4 20.Rfe1 c5 21.Bf1 Bh6 22.f4 Ne3
23.Rxc5 Rxc5 24.Qxd4 Rce5 25.fxe5 Nc2 26.e4 Qc6 27.Qd1 Nxe1 28.exf5 Be3# 0-1

[Event "It (cat.4)"]
[Site "Niederbronn (France)"]
[Round "1"]
[White "Aguettaz Maxime (FRA)"]
[Black "Gasthofer Alexander (GER)"]
[Result "0-1"]
[WhiteElo "2349"]
[BlackElo "2440"]

1.Nf3 Nf6 2.g3 d5 3.Bg2 g6 4.c4 c6 5.d4 Bg7 6.O-O O-O 7.cxd5 cxd5 8.Nc3 Ne4
9.Qb3 Nc6 10.Bf4 Nxc3 11.bxc3 Na5 12.Qb5 a6 13.Qb4 Bf5 14.Nd2 Rc8 15.Rfc1 b6
16.f3 Nc6 17.Qb2 e5 18.dxe5 Nxe5 19.Be3 Nc4 20.Nxc4 Rxc4 21.Bxb6 Qb8 22.Qb3
Rfc8 23.Bf2 Bxc3 24.Rab1 Bxb1 25.Rxb1 Rb4 {#R} 0-1

[Event "It"]
[Site "Serpukhov (Russia)"]
[Round "6"]
[White "Zilberstein Valery I (RUS)"]
[Black "Kuznetsov Ivan (RUS)"]
[Result "1-0"]
[WhiteElo "2251"]
[BlackElo "2216"]

1.Nf3 Nf6 2.g3 g6 3.Bg2 Bg7 4.O-O O-O 5.d4 d5 6.c4 c6 7.cxd5 cxd5 8.Nc3 Nc6
9.Ne5 Be6 10.Nxc6 bxc6 11.Bf4 Nd7 12.Na4 Qa5 13.Rc1 Rac8 14.a3 c5 15.dxc5 Nxc5
16.Rxc5 {#r} 1-0

[Event "It (open) \"]
[Site "Tatranske Zruby (Slovakia)"]
[Round "3"]
[White "Vavrak Peter (SVK)"]
[Black "Miklas Marian (SVK)"]
[Result "1-0"]
[WhiteElo "2388"]
[BlackElo "2227"]

1.Nf3 g6 2.d4 Nf6 3.c4 Bg7 4.g3 c6 5.Bg2 d5 6.cxd5 cxd5 7.Nc3 O-O 8.Ne5 e6
9.O-O Nfd7 10.f4 f5 11.b3 Nxe5 12.fxe5 Bd7 13.Ba3 Re8 14.Qd2 Bc6 15.Kh1 Nd7
16.g4 Qh4 17.gxf5 Bh6 18.Qd3 gxf5 19.Rf3 Bf8 20.Rh3 Qd8 21.Qg3+ Bg7 22.Rg1 Nf8
23.Bf3 Qd7 24.Qh4 Kh8 25.Rhg3 {#r} 1-0

[Event "Ch Department"]
[Site "Paris (France)"]
[Date "2003.02.11"]
[Round "4"]
[White "Marchand Andre (FRA)"]
[Black "Vlahovic Dimitri (FRA)"]
[Result "1-0"]
[WhiteElo "2092"]
[BlackElo "1886"]

1.d4 Nf6 2.Nf3 g6 3.g3 Bg7 4.Bg2 d5 5.O-O O-O 6.c4 c6 7.cxd5 cxd5 8.Nc3 Nc6
9.Ne5 Ne4 10.Nxc6 Nxc3 11.Nxd8 Nxd1 12.Nxf7 Nxf2 13.Nh6+ Bxh6 14.Bxh6 Nh3+
15.Bxh3 Bxh3 16.Rxf8+ Rxf8 17.Bxf8 Kxf8 18.Rc1 Bd7 19.Kf2 Kf7 20.Ke3 Ke6
21.Rf1 a5 22.Rf8 a4 23.g4 h5 24.gxh5 gxh5 25.Rh8 b5 26.a3 Kf6 27.Rxh5 e6
28.Kf4 Be8 29.Rh6+ {#r} 1-0

[Event "It (open)"]
[Site "Bad Woerishofen (Germany)"]
[Round "4"]
[White "Edel Thomas (GER)"]
[Black "Steffl Herbert (GER)"]
[Result "1-0"]
[WhiteElo "2066"]
[BlackElo "1948"]

1.Nf3 Nf6 2.g3 g6 3.Bg2 Bg7 4.d4 d5 5.c4 c6 6.Nc3 O-O 7.cxd5 cxd5 8.O-O a6
9.Ne5 e6 10.h3 Nbd7 11.f4 Nb6 12.Qd3 Bd7 13.b3 Re8 14.a4 Rc8 15.Ba3 Bf8
16.Bxf8 Rxf8 17.g4 Ne8 18.a5 Na8 19.f5 Ng7 20.fxg6 hxg6 21.e4 Bc6 22.exd5 exd5
23.Rf2 Rc7 24.Raf1 Qd6 25.Nxg6 Rfc8 26.Ne5 Be8 27.Nxd5 Bb5 28.Nc4 Bxc4 29.bxc4
Rd7 30.Nf6+ {#r} 1-0

[Event "Memorial Corrado Bitti"]
[Site "Cagliari (Italy)"]
[Date "2003.03.09"]
[Round "3"]
[White "Saba Carlo"]
[Black "Stefanini Simone"]
[Result "1-0"]
[WhiteElo "1734"]
[BlackElo "1699"]

1.Nf3 g6 2.c4 Bg7 3.Nc3 Nf6 4.g3 O-O 5.Bg2 c6 6.O-O d5 7.cxd5 cxd5 8.d4 Nc6
9.e3 Bf5 10.Qb3 Rb8 11.a3 Bd3 12.Re1 Na5 13.Qd1 Bf5 14.Qa4 Bd7 15.Qd1 Qb6
16.Nd2 Qd6 17.Nb3 Nxb3 18.Qxb3 Bc6 19.e4 Qe6 20.Bf4 Qd7 21.Bxb8 dxe4 22.Be5 e3
23.fxe3 Bxg2 24.Kxg2 Rc8 25.Bxf6 Bxf6 26.Rac1 Rd8 27.Qb5 Qe6 28.Qxb7 h5 29.Ne4
Bg7 30.Ng5 Qd6 31.Rc8 Bf6 32.Ne4 {#r} 1-0

[Event "Dos Hermanas Qualifier (18-A)"]
[Site "Internet"]
[Date "2003.03.18"]
[Round "1"]
[White "Willim Michael (GER)"]
[Black "Koutsin Sergey (UKR)"]
[Result "0-1"]
[WhiteElo "2100"]
[BlackElo "2481"]

1.c4 Nf6 2.g3 c6 3.Nf3 g6 4.Bg2 Bg7 5.O-O O-O 6.Nc3 d5 7.cxd5 cxd5 8.d4 e6
9.Bf4 Nc6 10.Ne5 Nd7 11.Nxd7 Bxd7 12.e3 Qe7 13.Rc1 g5 14.Bc7 Rfc8 15.Nb5 Qb4
16.Qe2 a6 17.Bd6 Qxb5 {#R} 0-1

[Event "Tournament (open)"]
[Site "Porticchju (France)"]
[Round "8"]
[White "Have Didier (FRA)"]
[Black "Rossi Pascal (FRA)"]
[Result "0-1"]
[WhiteElo "1913"]
[BlackElo "1841"]

1.d4 Nf6 2.Nf3 g6 3.g3 Bg7 4.Bg2 O-O 5.O-O d5 6.c4 c6 7.cxd5 cxd5 8.Nc3 Nc6
9.h3 Bf5 10.a3 h5 11.h4 Ne4 12.Bf4 Nxc3 13.bxc3 Rc8 14.c4 dxc4 15.e3 Na5
16.Rc1 Nb3 17.Rc3 Qa5 {#R} 0-1

[Event "It (open) (b)"]
[Site "Brno (Czech Republic)"]
[Date "2003.07.03"]
[Round "6"]
[White "Doskar Miloslav"]
[Black "Fuchs Stanislav (CZE)"]
[Result "0-1"]
[WhiteElo "1698"]
[BlackElo "2014"]

1.d4 Nf6 2.c4 g6 3.Nf3 Bg7 4.g3 c6 5.Bg2 d5 6.cxd5 cxd5 7.O-O O-O 8.Nc3 a6
9.b4 Qb6 10.a3 Bd7 11.Bb2 Rc8 12.Qb3 e6 13.Rfd1 Nc6 14.Na4 Qb5 15.Bf1 Na5
16.Qe3 Nc4 17.Qg5 Qxa4 18.Bc1 Qxd1 {#R} 0-1

[Event "Memorial M.Najdorf (qual.) (under 20)"]
[Site "Buenos Aires (Argentina)"]
[Date "2003.10.04"]
[Round "6"]
[White "Barrionuevo Pablo (ARG)"]
[Black "De Luca Christian (ARG)"]
[Result "0-1"]
[WhiteElo "2232"]
[BlackElo "2091"]

1.d4 Nf6 2.Nf3 g6 3.c4 c6 4.g3 Bg7 5.Bg2 O-O 6.O-O d5 7.cxd5 cxd5 8.Nc3 Nc6
9.Ne5 Bf5 10.Be3 Rc8 11.h3 h5 12.Rc1 e6 13.Nxc6 Rxc6 14.f3 Re8 15.g4 hxg4
16.hxg4 Bxg4 17.fxg4 Nxg4 18.Bf2 Qd6 19.Re1 Qf4 20.e3 Qxf2+ 21.Kh1 Nxe3 22.Qe2
Qh4+ 23.Kg1 Bxd4 {#R} 0-1

[Event "Ch Asturias (team) 2003/04 (Preferente)"]
[Site "Asturias (Spain)"]
[Date "2003.11.22"]
[Round "4"]
[White "Vigil Vigil Juan (ESP)"]
[Black "Rodriguez Uria Julio Antonio (ESP)"]
[Result "0-1"]
[WhiteElo "2125"]
[BlackElo "2260"]

1.d4 d5 2.Nf3 c6 3.c4 Nf6 4.g3 g6 5.Bg2 Bg7 6.O-O O-O 7.cxd5 cxd5 8.Qb3 Nc6
9.Nc3 Ne4 10.Rd1 Nxc3 11.Qxc3 Bf5 12.Ne5 Rc8 13.Nxc6 Rxc6 14.Qb4 Qd7 15.Bg5 h6
16.Bf4 g5 17.Be3 e6 18.Rac1 Bc2 19.Re1 Rfc8 20.Qd2 Qc7 21.h4 Qb6 22.hxg5 hxg5
23.b4 Rc4 24.a3 g4 25.Bh6 Qxd4 26.Qg5 Qf6 27.Qxf6 {#R} 0-1

[Event "Ch Russia (juniors) (under 10)"]
[Site "Dagomys (Russia)"]
[Round "7"]
[White "Kopasov Alexander (RUS)"]
[Black "Kezin Roman (RUS)"]
[Result "1-0"]
[WhiteElo "2228"]
[BlackElo "2385"]

1.Nf3 d5 2.g3 Nf6 3.Bg2 c6 4.O-O g6 5.d4 Bg7 6.c4 O-O 7.cxd5 cxd5 8.Nc3 Nc6
9.Bf4 Bf5 10.Ne5 e6 11.Nxc6 bxc6 12.Na4 Nd7 13.h3 g5 14.Bd6 Re8 15.Ba3 Nb6
16.Rc1 Nc4 17.Bb4 Rc8 18.b3 Nd6 19.e3 Ne4 20.Qe2 e5 21.dxe5 Bxe5 22.Qa6 Qd7
23.g4 Bg6 24.Nc3 Nxc3 25.Bxc3 Bb8 {#r} 1-0

[Event "Ch Russia (juniors) (under 18) (g)"]
[Site "Dagomys (Russia)"]
[Round "0"]
[White "Abdullina Kamila R (RUS)"]
[Black "Kurochka Irina (RUS)"]
[Result "1-0"]
[WhiteElo "2058"]
[BlackElo "2146"]

1.c4 Nf6 2.Nc3 g6 3.g3 Bg7 4.Bg2 O-O 5.Nf3 c6 6.O-O d5 7.cxd5 cxd5 8.d4 Nc6
9.Bf4 Nh5 10.Be3 Nf6 11.Rc1 Be6 12.Qd2 Qd7 13.Rfd1 Rfd8 14.Bh6 Bh8 15.Ng5 Bf5
16.h3 Rac8 17.Qf4 Qd6 18.Qh4 Qb4 19.b3 a6 20.e4 Nxd4 21.a3 Qxb3 22.exf5 Rxc3
23.Qxd4 Rxc1 24.Rxc1 gxf5 25.Qb4 Qa2 26.Qxb7 {#r} 1-0

[Event "Cup Doeberl"]
[Site "Canberra (Australia)"]
[Date "2004.04.09"]
[Round "1"]
[White "Lip Michael (AUS)"]
[Black "Froehlich Peter (GER)"]
[Result "0-1"]
[WhiteElo "2059"]
[BlackElo "2390"]

1.Nf3 c5 2.g3 Nc6 3.Bg2 g6 4.c3 Bg7 5.d4 cxd4 6.cxd4 d5 7.Nc3 Nh6 8.Qb3 e6
9.Bxh6 Bxh6 10.e3 O-O 11.O-O b6 12.Rac1 Bb7 13.Rfd1 Qe7 14.Ne5 Rfc8 15.f4 Bf8
16.Ne2 Rc7 17.Nxc6 Bxc6 18.Rc3 Rac8 19.Rdc1 Qd7 20.a3 Bd6 21.Kf2 b5 22.Ng1 a5
23.Nf3 b4 24.axb4 axb4 25.R3c2 Qe8 26.Qd3 b3 27.Rc3 Bb4 {#R} 0-1

[Event "Memorial A.Sinitsin"]
[Site "Dnepropetrovsk (Ukraine)"]
[Date "2004.04.27"]
[Round "8"]
[White "Pogosian Manvel (BLR)"]
[Black "Melnichuk Mikhail (UKR)"]
[Result "1-0"]
[WhiteElo "2054"]
[BlackElo "2142"]

1.d4 Nf6 2.Nf3 g6 3.g3 Bg7 4.c4 c6 5.Bg2 O-O 6.Nc3 d5 7.cxd5 cxd5 8.Ne5 e6
9.O-O Nfd7 10.Nxd7 Bxd7 11.e4 dxe4 12.Nxe4 Bb5 13.Re1 Bc6 14.Be3 Bd5 15.Qd2
Nc6 16.Rad1 Bxa2 17.Nc5 Bd5 18.Nxb7 Qb6 19.Bxd5 Qxb7 20.Bg2 Rac8 21.d5 exd5
22.Qxd5 Qb8 23.Bh3 Nb4 24.Qa5 Nc6 25.Qa4 f5 26.Bc5 Rf7 27.Bg2 Ne5 28.Bd6 Qxb2
29.Bxe5 Bxe5 30.Bd5 Rf8 31.Bxf7+ Kxf7 32.Qd7+ Kf6 33.f4 Qb6+ 34.Kh1 {#r} 1-0

[Event "Ch FEFB"]
[Site "Fontaine (Belgium)"]
[Round "5"]
[White "Lecomte Sam (BEL)"]
[Black "Akhayan Ruben (BEL)"]
[Result "1-0"]
[WhiteElo "2167"]
[BlackElo "2205"]

1.d4 Nf6 2.Nf3 g6 3.g3 Bg7 4.Bg2 O-O 5.O-O d5 6.c4 c6 7.cxd5 cxd5 8.Nc3 Nc6
9.Bf4 Ne4 10.Ne5 Nxc3 11.bxc3 f6 12.Nxc6 bxc6 13.Qa4 Qb6 14.e4 e6 15.Rfe1 Ba6
16.Rab1 Bb5 17.Qd1 Qa5 18.Bd6 {#r} 1-0

[Event "Cup Mitropa"]
[Site "Zemplinska Sirava (Slovakia)"]
[Date "2004.05.29"]
[Round "1"]
[White "Jirka Jiri (CZE)"]
[Black "Seel Christian (GER)"]
[Result "1-0"]
[WhiteElo "2372"]
[BlackElo "2477"]

1.d4 Nf6 2.c4 g6 3.g3 c6 4.Bg2 d5 5.Nf3 Bg7 6.cxd5 cxd5 7.Ne5 O-O 8.Nc3 e6
9.O-O Nfd7 10.f4 Nc6 11.Be3 Ndxe5 12.dxe5 d4 13.Bxc6 dxc3 14.Be4 cxb2 15.Rb1
f6 16.Rxb2 fxe5 17.Rd2 Qe7 18.fxe5 Rxf1+ 19.Kxf1 Bxe5 20.Rd8+ Kg7 21.Qd2 h5
22.Bh6+ Kh7 23.Bf8 Qf7+ 24.Kg2 Bg7 25.Qg5 {#r} 1-0

[Event "It (open)"]
[Site "Santxenxo (Spain)"]
[Date "2004.06.15"]
[Round "3"]
[White "Outeiro Padin Heladio (ESP)"]
[Black "Martin Blanco Fernando (ESP)"]
[Result "0-1"]
[WhiteElo "1965"]
[BlackElo "2093"]

1.d4 Nf6 2.c4 g6 3.Nf3 Bg7 4.g3 O-O 5.Bg2 c6 6.O-O d5 7.cxd5 cxd5 8.Nc3 Ne4
9.Qb3 Nc6 10.Qxd5 Nxc3 11.Qxd8 Nxe2+ {#R} 0-1

[Event "Cup North Sea (open)"]
[Site "Esbjerg (Denmark)"]
[Date "2004.07.03"]
[Round "1"]
[White "Jensen Alexander Tranberg"]
[Black "Dyrgaard Kristoffer (DEN)"]
[Result "0-1"]
[WhiteElo "1255"]
[BlackElo "2093"]

1.d4 g6 2.Nf3 Bg7 3.g3 Nf6 4.Bg2 O-O 5.O-O c5 6.c3 cxd4 7.cxd4 d5 8.Nc3 Nc6
9.Ne5 Bf5 10.Bf4 Rc8 11.Rc1 Qa5 12.a4 Rfd8 13.Nb5 a6 14.Nxc6 bxc6 15.Na7 Qb6
16.Nxc8 Rxc8 17.b3 Ne4 18.e3 Nf6 19.h3 h5 20.Bg5 Rb8 21.Bxf6 Bxf6 22.g4 hxg4
23.hxg4 Bd7 24.Rb1 e5 25.dxe5 Bxe5 26.g5 Kg7 27.Qd2 d4 28.exd4 Bxd4 29.Rbd1 c5
30.Rb1 Rh8 31.Qf4 Bc6 32.Qd6 Bxg2 33.Qxb6 Bf3 {#R} 0-1

[Event "It (open)"]
[Site "Oberwart (Austria)"]
[Date "2004.07.16"]
[Round "7"]
[White "Grunberg Mihai-Lucian (ROM)"]
[Black "Hiermann Dietmar (AUT)"]
[Result "1-0"]
[WhiteElo "2432"]
[BlackElo "2270"]

1.d4 Nf6 2.g3 g6 3.Bg2 d5 4.Nf3 Bg7 5.c4 c6 6.Nc3 O-O 7.cxd5 cxd5 8.Ne5 e6
9.O-O Nfd7 10.f4 Nc6 11.b3 f6 12.Nf3 f5 13.Ne5 Ndxe5 14.fxe5 b5 15.e3 Qb6
16.Ba3 Rf7 17.Bc5 Qa5 18.b4 Qa3 19.Qd2 Rb8 20.Rfb1 Bf8 21.Rb3 Qa6 22.Bf1 Bd7
23.a4 Bxc5 24.bxc5 Na5 25.Rbb1 {#r} 1-0

[Event "It (open)"]
[Site "Biel (Switzerland)"]
[Date "2004.07.20"]
[Round "2"]
[White "Rukavina Josip (CRO)"]
[Black "Nabavi Parwis (SUI)"]
[Result "1-0"]
[WhiteElo "2418"]
[BlackElo "2182"]

1.c4 Nf6 2.Nf3 g6 3.Nc3 Bg7 4.d4 O-O 5.g3 c6 6.Bg2 d5 7.cxd5 cxd5 8.Ne5 e6
9.O-O Nfd7 10.f4 f5 11.b3 Nxe5 12.dxe5 Qa5 13.Bd2 Qb6+ 14.Kh1 Bd7 15.b4 Rc8
16.Rb1 a6 17.a4 Bf8 18.e3 Qd8 19.g4 Kh8 20.gxf5 gxf5 21.Rg1 Nc6 22.Ne2 Be8
23.Bf3 a5 24.b5 Nb4 25.Nd4 Qd7 26.Be1 Be7 27.Rb2 Bg6 28.Rbg2 Rg8 29.Bh5 Qe8
30.Bxg6 Rxg6 31.Rxg6 hxg6 32.Nxe6 Qg8 33.Nd4 Qf7 34.Qf3 {#r} 1-0

[Event "It (open)"]
[Site "Saint Chely d'Aubrac (France)"]
[Date "2004.07.24"]
[Round "9"]
[White "Nass Emile (FRA)"]
[Black "Riff Sebastien (FRA)"]
[Result "0-1"]
[WhiteElo "1989"]
[BlackElo "2206"]

1.d4 Nf6 2.Nf3 g6 3.c4 Bg7 4.g3 c6 5.Bg2 d5 6.cxd5 cxd5 7.O-O O-O 8.Nc3 Nc6
9.Ne5 Bf5 10.Bg5 Ne4 11.Nxc6 bxc6 12.Nxe4 dxe4 13.Be3 Qd5 14.Qa4 Rab8 15.Qxa7
Rxb2 16.Qxe7 Rxe2 17.Rfe1 Rb2 18.g4 Be6 19.Qh4 Rb4 20.Rad1 Ra8 21.Rd2 Rba4
22.Rc1 Bxd4 23.Bxd4 Rxd4 24.Rxd4 Qxd4 25.Rxc6 Qd1+ 26.Bf1 Bxg4 27.Qh6 Be2
28.Rc1 Qd3 29.Bg2 Bf3 {#R} 0-1

[Event "It (open) \"]
[Site "Belgrade (Yugoslavia)"]
[Round "0"]
[White "Nikolic Branisalv S (SER)"]
[Black "Zivkovic Sava (SRB)"]
[Result "0-1"]
[WhiteElo "2165"]
[BlackElo "2324"]

1.d4 Nf6 2.c4 g6 3.g3 c6 4.Bg2 d5 5.Nf3 Bg7 6.O-O O-O 7.cxd5 cxd5 8.Ne5 e6
9.Nc3 Nc6 10.Nxc6 bxc6 11.Qa4 Qb6 12.Rd1 e5 13.dxe5 Ng4 14.e3 Nxe5 15.h3 Rb8
16.Qc2 Qc5 17.Qe2 Qc4 18.Qd2 Bxh3 19.f4 Bxg2 20.Kxg2 Ng4 {#R} 0-1

[Event "It \"]
[Site "Abudhabi (United Arab Emirates)"]
[Date "2004.08.20"]
[Round "6"]
[White "Tania Sachdev (IND)"]
[Black "Neelotpal Das (IND)"]
[Result "1-0"]
[WhiteElo "2256"]
[BlackElo "2458"]

1.d4 Nf6 2.c4 g6 3.g3 c6 4.Bg2 d5 5.cxd5 cxd5 6.Nc3 Bg7 7.Nf3 O-O 8.O-O e6
9.Bf4 Nc6 10.Rc1 Bd7 11.Qd3 Qe7 12.Be5 Rfc8 13.Rfd1 Be8 14.Bf4 b5 15.b3 a6
16.Ne5 Qa3 17.Qd2 Qf8 18.e4 b4 19.Na4 Nxe5 20.dxe5 Nxe4 21.Bxe4 dxe4 22.Rxc8
Rxc8 23.Qe2 Bb5 24.Qxe4 Rd8 25.Rc1 h6 26.h4 Qe7 27.Nc5 Rd5 28.Qxb4 Bf8 29.Be3
Rxe5 30.a4 Be2 31.Qb8 Rd5 32.Ne4 Rd8 33.Rc8 Rxc8 34.Qxc8 {#r} 1-0

[Event "It (open)"]
[Site "Bratto (Italy)"]
[Date "2004.08.26"]
[Round "7"]
[White "Bergez Luc (FRA)"]
[Black "Castaldo Folco (ITA)"]
[Result "0-1"]
[WhiteElo "2395"]
[BlackElo "2361"]

1.d4 d5 2.Nf3 Nf6 3.c4 c6 4.g3 g6 5.Bg2 Bg7 6.O-O O-O 7.cxd5 cxd5 8.Nc3 Ne4
9.Nxe4 dxe4 10.Ne5 Qd5 11.Be3 Nd7 12.Rc1 Nxe5 13.dxe5 Qxe5 14.b3 Bf5 15.Rc5
Qe6 16.Qd2 Rfd8 17.Qb4 b6 18.Rc7 Be5 19.Rc4 Rac8 20.Rxc8 Rxc8 21.Bxe4 Bh3
22.Rd1 Bc3 23.Qa4 b5 24.Qxb5 Qxe4 25.Qd5 Qxd5 26.Rxd5 a6 27.f3 Be6 28.Rd3 h5
29.Kf2 f6 30.Bb6 Kf7 31.Ke3 Bb4 32.Rd4 Rc3+ 33.Kf2 a5 {#R} 0-1

[Event "Ch Poland (team) (2nd liga)"]
[Site "Polanica Zdroj (Poland)"]
[Date "2004.09.04"]
[Round "1"]
[White "Sciborowski Miroslaw (POL)"]
[Black "Skrzypczak Michal (POL)"]
[Result "1-0"]
[WhiteElo "2166"]
[BlackElo "1961"]

1.d4 Nf6 2.Nf3 d5 3.g3 g6 4.Bg2 Bg7 5.O-O O-O 6.c4 c6 7.cxd5 cxd5 8.Nc3 Nc6
9.Ne5 e6 10.Nxc6 bxc6 11.Qc2 Nd7 12.Rd1 Ba6 13.Bf4 Rc8 14.Bd6 Re8 15.Qa4 Qb6
16.e3 Bb5 17.Qb4 a5 18.Qb3 Qa6 19.a4 Bc4 20.Qa3 Qb6 21.Rac1 Bf8 22.Bf1 Bxf1
23.Kxf1 c5 24.Bxf8 Rxf8 25.Nb5 cxd4 26.exd4 Rxc1 27.Rxc1 e5 28.Qe7 Rd8 29.Rc7
Qb8 30.Rxd7 Rxd7 31.Qxd7 exd4 32.Qxd5 {#r} 1-0

[Event "Tournament (Elo) (b)"]
[Site "Budapest (Hungary)"]
[Date "2004.09.05"]
[Round "2"]
[White "Faure Marc (GER)"]
[Black "Papp Jozsef (HUN)"]
[Result "0-1"]
[WhiteElo "1707"]
[BlackElo "1915"]

1.g3 g6 2.Bg2 Bg7 3.Nf3 Nf6 4.c4 c6 5.Nc3 O-O 6.O-O d5 7.cxd5 cxd5 8.d4 Bg4
9.Ne5 Bc8 10.Bg5 e6 11.Qd2 b6 12.Rfc1 Qe8 13.a4 a6 14.Nd1 Ra7 15.Ne3 Ne4
16.Bxe4 dxe4 17.N3g4 f6 18.Nh6+ Kh8 19.Nef7+ Rfxf7 20.Nxf7+ Rxf7 21.Bf4 Nc6
22.Qc3 Bb7 23.Qc4 Nxd4 24.Qxd4 e5 25.Bxe5 Qxe5 26.Qxb6 f5 27.b4 f4 28.Rd1 fxg3
29.hxg3 e3 30.Rd8+ Bf8 31.Rad1 exf2+ 32.Kf1 Qxg3 {#R} 0-1

[Event "Ch World (juniors) (under 12)"]
[Site "Heraklio (Greece)"]
[Date "2004.11.06"]
[Round "4"]
[White "Ding Linlin (CHN)"]
[Black "So Wesley (PHI)"]
[Result "1-0"]
[WhiteElo "2251"]
[BlackElo "2655"]

1.Nf3 c5 2.g3 Nc6 3.Bg2 g6 4.c3 e5 5.d4 cxd4 6.cxd4 e4 7.Ne5 f5 8.Nc3 Bg7
9.Bf4 Nge7 10.Nc4 Nxd4 11.Bh6 Ne6 12.Bxg7 Nxg7 13.Nd6+ Kf8 14.Qd2 a6 15.O-O-O
b5 16.g4 h6 17.gxf5 gxf5 18.Bxe4 Rb8 19.Rhg1 Rh7 20.Qd4 fxe4 21.Qf6+ Kg8
22.Nd5 Nc6 23.Qg6 {#r} 1-0

[Event "Landesliga 2004/05"]
[Site "Mecklenburg-Vorpommern (Germany)"]
[Date "2004.11.14"]
[Round "2"]
[White "Birnbaum Wolf-Dieter (GER)"]
[Black "Dambach Rainer"]
[Result "0-1"]
[WhiteElo "2029"]
[BlackElo "1983"]

1.Nf3 Nf6 2.g3 g6 3.Bg2 Bg7 4.d4 d5 5.c4 c6 6.O-O O-O 7.cxd5 cxd5 8.Nc3 Nc6
9.Ne5 e6 10.Bg5 Qb6 11.Nxc6 bxc6 12.Na4 Qb5 13.Rc1 Nd7 14.Be7 Re8 15.Bd6 Ba6
16.Re1 Rac8 17.e4 Qa5 18.Re3 Nb6 19.Nc5 Nc4 20.Rxc4 Bxc4 21.b3 Ba6 22.a4 Rcd8
23.e5 Bf8 24.b4 Qb6 25.a5 Qb5 26.Bf1 Qxf1+ 27.Qxf1 Bxf1 28.Kxf1 Bxd6 29.exd6
Rxd6 30.Rc3 e5 {#R} 0-1

[Event "Ch Spain \"]
[Site "Calpe (Spain)"]
[Date "2004.11.22"]
[Round "2"]
[White "Mas Artigas Pere (ESP)"]
[Black "Mayor Martinez Juan Jose (ESP)"]
[Result "1-0"]
[WhiteElo "1991"]
[BlackElo "1850"]

1.d4 d5 2.g3 g6 3.Bg2 Bg7 4.Nf3 Nf6 5.c4 c6 6.cxd5 cxd5 7.O-O O-O 8.Nc3 Nc6
9.Ne5 e6 10.Nxc6 bxc6 11.e4 Nd7 12.Bf4 Qb6 13.Rc1 Qxd4 14.Qxd4 Bxd4 15.Bd6 Re8
16.Na4 Bb7 17.exd5 exd5 18.Rfd1 Bb6 19.a3 f5 20.b4 Re6 21.Nxb6 axb6 22.b5 Rxd6
23.bxc6 Nf6 24.cxb7 Rb8 25.Rc8+ Rd8 26.Rdc1 Nd7 27.Rxb8 {#r} 1-0